Freaks Surf - Curse - All Lyrics - Statistics

General Stats
  • This quiz has been taken 74 times
  • The average score is 82 of 89
Answer Stats
Answer % Correct
a
100%
a
100%
a
100%
a
100%
a
100%
am
100%
am
100%
am
100%
am
100%
freak
100%
freak
100%
freak
100%
freak
100%
I
100%
I
100%
I
100%
I
100%
I
100%
I
100%
I
100%
I
100%
I
100%
I
100%
I
100%
just
100%
just
100%
just
100%
just
100%
just
100%
me,
98%
me
98%
Don't
96%
Don't
96%
every
94%
need
94%
place
94%
to
94%
can
92%
kill
92%
my
92%
My
92%
my
92%
stay
92%
up
92%
up
92%
up
92%
up
92%
up
92%
up
92%
away
90%
cover
90%
cover
90%
everyone
90%
eyes
90%
from
90%
is
90%
run
90%
Where
90%
cry,
88%
face
88%
head
88%
this
88%
this
88%
this
88%
this
88%
time
88%
time
88%
time
88%
time
88%
wake
88%
wake
88%
wake
88%
wake
88%
won't
88%
won't
88%
won't
88%
won't
88%
almost
85%
Black
85%
help
85%
holes
85%
night
85%
you
85%
filled
83%
Hopefully,
83%
parasites
83%
with
83%
dream
81%
of
81%
No matching quizzes found
Score Distribution
Percent of People with Each Score
Percentile by Number Answered
Your Score History
You have not taken this quiz